000 01035nas a2200337 4500
001 BR2010003259
003 BR-BrBNA
005 20231205114129.0
007 ta
008 230509b bl.|||p| |||| 00| 00por d
040 _aBR-BrBNA
_bpor
_cBiblioteca Nacional de Agricultura
041 _a(Pt)
072 _aH20; F30
100 1 _aWickert, E.
100 1 _aGoes, A. de
100 1 _aLemos, E.G. de M.
100 1 _aSouza, A. de
100 1 _aSilveira, E.L. da
100 1 _aPereira, F.D.
100 1 _aRinaldo, D.
245 1 _aRelações filogenéticas e diversidades de isolados de Guignardia SPP oriundos de diferentes hospedeiros nas regiões ITS1-5,8S-ITS2
650 _aFUNGO
650 _aGENÉTICA VEGETAL
650 _aCITRICULTURA
650 _aDOENÇA DE PLANTA
650 _aMANGA
650 _aPITANGA
773 0 _tRevista Brasileira de Fruticultura (Brazil)
_xISSN 0100-2945
_g(Jun 2009), v. 31(2) p. 360-380
_wBR2010003259
909 _a202311
_bLúcia
_c55
_dLúcia Elande
942 _2AGRIS
_n0
_cANA
999 _c207213
_d207213